000 00298nam a22001217a 4500
008 160523b xxu||||| |||| 00| 0 eng d
020 _a9780781745055
020 _a078174505
041 _aeng
080 _a615
245 _aIntroduction to community based nursing:
_cRoberta Hunt;
942 _2udc
_cBK
999 _c2405
_d2405